00616nam a22002057a 450000500170000001000130001702000250003003500130005503700160006804000120008408200150009610000210011124501020013226000490023427000430028330000250032650000190035165000220037065000180039220170124105917.0 aB-189925 c00.00a9780070603592 aB-189925 bCen Lib/Ret aDPLbEN a005.8bSAL aSlade, Robert M. aSoftware Forensics :cby Robert M. Sladebcollecting evidence from the scene of a digital crime / aNew DelhibTata McGraw-Hill Publishingc2004 a7, West Patel NagarbNew Delhie110008 axi, 215p.c24cm(pbk) aIncludes index aForensics Science aDigital Crime